Most Learned Languages on Duolingo - Whammies - Statistics

General Stats
  • This quiz has been taken 96 times
  • The average score is 8 of 10
Answer Stats
Language % Correct
2 Spanish
100%
1 English
99%
3 French
98%
4 German
93%
8 Mandarin
93%
5 Japanese
84%
6 Italian
80%
9 Portuguese
73%
7 Korean
63%
10 Hindi
37%
No matching quizzes found
Score Distribution
Percent of People with Each Score
Percentile by Number Answered
Your Score History
You have not taken this quiz